| 000 | 00527nam a22001937a 4500 | ||
|---|---|---|---|
| 003 | 0 | ||
| 005 | 20160609165735.0 | ||
| 008 | 100817t xxu||||| |||| 00| 0 eng d | ||
| 020 | _a978-2-10-052135-7 | ||
| 040 |
_aBIDOC _bfr _cbidoc |
||
| 100 |
_aHEUSSER, Sandrine _98610 |
||
| 245 | _aAtlas biologie animale - 2. les grandes fonctions | ||
| 250 | _a2e | ||
| 260 |
_aParis _bDunod _c2008 |
||
| 300 |
_a214 p. _bcouv. ill. en coul., ill. _c26 cm. |
||
| 600 |
_aDUPUY, Henri _98611 |
||
| 650 |
_aZoologie _98612 |
||
| 942 | _cLIVR | ||
| 999 |
_c47572 _d47572 |
||